<?xml version="1.0" encoding="UTF-8"?>
<record
    xmlns:xsi="http://www.w3.org/2001/XMLSchema-instance"
    xsi:schemaLocation="http://www.loc.gov/MARC21/slim http://www.loc.gov/standards/marcxml/schema/MARC21slim.xsd"
    xmlns="http://www.loc.gov/MARC21/slim">

  <leader>00982nam a2200241 a 4500</leader>
  <controlfield tag="001">48367</controlfield>
  <controlfield tag="003">BD-RjUL</controlfield>
  <controlfield tag="005">20211209054518.0</controlfield>
  <controlfield tag="008">160514s1968    BG ||||| |||| 00| 0 ben d</controlfield>
  <datafield tag="020" ind1=" " ind2=" ">
    <subfield code="c">TK. 3.50</subfield>
  </datafield>
  <datafield tag="035" ind1=" " ind2=" ">
    <subfield code="a">(BD-RjUL)48486</subfield>
  </datafield>
  <datafield tag="040" ind1=" " ind2=" ">
    <subfield code="a">BD-RjUL</subfield>
    <subfield code="b">ben</subfield>
    <subfield code="c">BD-RjUL</subfield>
  </datafield>
  <datafield tag="041" ind1=" " ind2=" ">
    <subfield code="a">ben</subfield>
  </datafield>
  <datafield tag="082" ind1=" " ind2=" ">
    <subfield code="a">810.9</subfield>
    <subfield code="b">BRA 1968</subfield>
    <subfield code="2">23</subfield>
  </datafield>
  <datafield tag="100" ind1="1" ind2=" ">
    <subfield code="a">&#x9AC;&#x9CD;&#x9B0;&#x9C1;&#x995;&#x9B8;, &#x9AD;&#x9CD;&#x9AF;&#x9BE;&#x9A8; &#x989;&#x987;&#x995;</subfield>
    <subfield code="9">146318</subfield>
  </datafield>
  <datafield tag="245" ind1="1" ind2="0">
    <subfield code="a">&#x986;&#x9AE;&#x9C7;&#x9B0;&#x9BF;&#x995;&#x9BE;&#x9B0; &#x9B8;&#x9AE;&#x9BE;&#x99C; &#x993; &#x9B8;&#x9BE;&#x9B9;&#x9BF;&#x9A4;&#x9CD;&#x9AF; / </subfield>
    <subfield code="c">&#x995;&#x9AC;&#x9BF;&#x9B0; &#x99A;&#x9CC;&#x9A7;&#x9C1;&#x9B0;&#x9C0; (&#x985;&#x9A8;&#x9C1;&#x9AC;&#x9BE;&#x9A6;&#x995;)</subfield>
  </datafield>
  <datafield tag="260" ind1=" " ind2=" ">
    <subfield code="a"> &#x9A2;&#x9BE;&#x995;&#x9BE; : </subfield>
    <subfield code="b">&#x9AE;&#x9BE;&#x993;&#x9B2;&#x9BE; &#x9AC;&#x9CD;&#x9B0;&#x9A6;&#x9BE;&#x9B0;&#x9CD;&#x9B8;, </subfield>
    <subfield code="c">&#x9E7;&#x9EF;&#x9EC;&#x9EE;</subfield>
  </datafield>
  <datafield tag="300" ind1=" " ind2=" ">
    <subfield code="a">&#x9E7;&#x9EF;&#x9E6; &#x9AA;&#x9C3;. ; </subfield>
    <subfield code="c">&#x9E8;&#x9E7; &#x9B8;&#x9C7;&#x9AE;&#x9BF;.</subfield>
  </datafield>
  <datafield tag="650" ind1=" " ind2=" ">
    <subfield code="a">&#x986;&#x9AE;&#x9C7;&#x9B0;&#x9BF;&#x995;&#x9BE;&#x9A8; &#x9B8;&#x9BE;&#x9B9;&#x9BF;&#x9A4;&#x9CD;&#x9AF;</subfield>
    <subfield code="9">116625</subfield>
    <subfield code="x">&#x987;&#x9A4;&#x9BF;&#x9B9;&#x9BE;&#x9B8; &#x993; &#x9B8;&#x9AE;&#x9BE;&#x9B2;&#x9CB;&#x99A;&#x9A8;&#x9BE;</subfield>
  </datafield>
  <datafield tag="650" ind1=" " ind2=" ">
    <subfield code="a">American literature </subfield>
    <subfield code="9">116586</subfield>
    <subfield code="x">History and Criticism</subfield>
  </datafield>
  <datafield tag="700" ind1=" " ind2=" ">
    <subfield code="a">&#x99A;&#x9CC;&#x9A7;&#x9C1;&#x9B0;&#x9C0;, &#x995;&#x9AC;&#x9BF;&#x9B0;  (&#x985;&#x9A8;&#x9C1;&#x9AC;&#x9BE;&#x9A6;&#x995;)</subfield>
    <subfield code="9">146378</subfield>
  </datafield>
  <datafield tag="942" ind1=" " ind2=" ">
    <subfield code="2">ddc</subfield>
    <subfield code="c">BK</subfield>
    <subfield code="0">2</subfield>
  </datafield>
  <datafield tag="999" ind1=" " ind2=" ">
    <subfield code="c">48367</subfield>
    <subfield code="d">48367</subfield>
  </datafield>
  <datafield tag="952" ind1=" " ind2=" ">
    <subfield code="0">0</subfield>
    <subfield code="1">0</subfield>
    <subfield code="2">ddc</subfield>
    <subfield code="4">0</subfield>
    <subfield code="7">0</subfield>
    <subfield code="8">NFIC</subfield>
    <subfield code="a">RUCL</subfield>
    <subfield code="b">RUCL</subfield>
    <subfield code="c">Stack</subfield>
    <subfield code="d">1968-10-31</subfield>
    <subfield code="e">Noroge</subfield>
    <subfield code="g">3.50</subfield>
    <subfield code="l">0</subfield>
    <subfield code="o">B 810.9 BRA 1968</subfield>
    <subfield code="r">2016-08-13 00:00:00</subfield>
    <subfield code="t">C-2</subfield>
    <subfield code="w">2016-08-13</subfield>
    <subfield code="y">BK</subfield>
  </datafield>
  <datafield tag="952" ind1=" " ind2=" ">
    <subfield code="0">0</subfield>
    <subfield code="1">0</subfield>
    <subfield code="2">ddc</subfield>
    <subfield code="4">0</subfield>
    <subfield code="7">0</subfield>
    <subfield code="8">NFIC</subfield>
    <subfield code="a">RUCL</subfield>
    <subfield code="b">RUCL</subfield>
    <subfield code="c">Stack</subfield>
    <subfield code="d">1968-10-31</subfield>
    <subfield code="e">Noroge</subfield>
    <subfield code="g">3.50</subfield>
    <subfield code="l">0</subfield>
    <subfield code="o">B 810.9 BRA 1968</subfield>
    <subfield code="r">2016-08-13 00:00:00</subfield>
    <subfield code="t">C-3</subfield>
    <subfield code="w">2016-08-13</subfield>
    <subfield code="y">BK</subfield>
  </datafield>
  <datafield tag="952" ind1=" " ind2=" ">
    <subfield code="0">0</subfield>
    <subfield code="1">0</subfield>
    <subfield code="2">ddc</subfield>
    <subfield code="4">0</subfield>
    <subfield code="7">1</subfield>
    <subfield code="8">NFIC</subfield>
    <subfield code="a">RUCL</subfield>
    <subfield code="b">RUCL</subfield>
    <subfield code="c">Reading</subfield>
    <subfield code="d">1971-12-06</subfield>
    <subfield code="e">u s a</subfield>
    <subfield code="l">0</subfield>
    <subfield code="o">B 810.9 BRA 1968</subfield>
    <subfield code="r">2017-01-30 00:00:00</subfield>
    <subfield code="t">C-1</subfield>
    <subfield code="w">2017-01-30</subfield>
    <subfield code="y">BK</subfield>
  </datafield>
</record>
